[Event "SC BLITZ Knockout (<1800)"]
[Site "SchemingMind.com"]
[Date "2007.03.08"]
[Round "-"]
[White "Games Freak"]
[Black "javilez"]
[Result "0-1"]
[WhiteCountry "AUS"]
[BlackCountry "NCA"]
[WhiteElo "1148"]
[WhiteRD "73"]
[BlackElo "1762"]
[BlackRD "71"]
[GameID "95500"]

1. c4 c5 2. e3 Nf6 3. f3 e6 4. d4 d5 5. cxd5 Nxd5 6. e4 Nf6 7. e5 Nd5 8. Bb5+ Bd7 9. Bxd7+ Qxd7 10. a4 cxd4
11. Qxd4 Nc6 12. Qe4 Rd8 13. a5 Bc5 14. a6 Ndb4 15. Qg4 Qd1#
0-1

[Event "SC BLITZ Knockout (<1800)"]
[Site "SchemingMind.com"]
[Date "2007.03.08"]
[Round "-"]
[White "javilez"]
[Black "Games Freak"]
[Result "1-0"]
[WhiteCountry "NCA"]
[BlackCountry "AUS"]
[WhiteElo "1762"]
[WhiteRD "71"]
[BlackElo "1148"]
[BlackRD "73"]
[GameID "95509"]

1. d4 d5 2. c4 dxc4 3. e3 b5 4. a4 bxa4 5. Bxc4 e6 6. Nc3 f5 7. Nf3 h6 8. Bd2 c5 9. Qxa4+ Bd7 10. Bb5 Nf6
11. Ne5 a6 12. Bxd7+ Nbxd7 13. O-O cxd4 14. exd4 Bd6 15. Nxd7 Nxd7 16. Rfe1 Qe7 17. Re2 g5 18. Rae1 Kf7 19. Rxe6 Qxe6 20. Rxe6 Kxe6
21. Qb3+ Ke7 22. Nd5+ Kd8 23. Ba5+ Kc8 24. Ne3 f4 25. Nf5 Bc7 26. Qc4 Ra7 27. Ne7+ Kd8 28. Nc6+ Kc8 29. Nxa7+ Kb7 30. Qxc7+ Ka8
31. Nc6 f3 32. Qa7#
1-0

[Event "SC BLITZ Knockout (<1800)"]
[Site "SchemingMind.com"]
[Date "2007.03.09"]
[Round "-"]
[White "Sjakkie"]
[Black "Lee Shuck"]
[Result "1-0"]
[WhiteCountry "NED"]
[BlackCountry "ENG"]
[WhiteElo "1364"]
[WhiteRD "84"]
[BlackElo "1344"]
[BlackRD "67"]
[GameID "95628"]

1. e4 e5 2. Nf3 Nc6 3. Bc4 Bc5 4. O-O Nf6 5. d3 O-O 6. Nc3 Ng4 7. h3 Nf6 8. Bg5 h6 9. Bh4 Nd4 10. Nxd4 Bxd4
11. Kh1 c6 12. Qe2 g5 13. Bg3 Qb6 14. Rab1 d6 15. f4 gxf4 16. Bh4 Nh5 17. Qxh5 Kh7 18. Bxf7 Qc7 19. Qg6+
1-0

[Event "SC BLITZ Knockout (<1800)"]
[Site "SchemingMind.com"]
[Date "2007.03.09"]
[Round "-"]
[White "Lee Shuck"]
[Black "Sjakkie"]
[Result "1-0"]
[WhiteCountry "ENG"]
[BlackCountry "NED"]
[WhiteElo "1412"]
[WhiteRD "68"]
[BlackElo "1331"]
[BlackRD "73"]
[GameID "95632"]

1. e4 e5 2. Nf3 d6 3. d4 exd4 4. Nxd4 Qh4 5. Nc3 Bd7 6. g3 Qe7 7. Bf4 Nf6 8. Bc4 Nxe4 9. O-O h6 10. Qe2 Ng5
11. Rae1 a6 12. Nd5 Qxe2 13. Rxe2+ Kd8 14. h4 Nh3+ 15. Kh2 Nxf4 16. Nxf4 Nc6 17. Nb3 g5 18. Rfe1 Ne5 19. Nh5 Nf3+ 20. Kg2 Nxe1+
21. Rxe1 Bc6+ 22. Kf1 Be7 23. Bxf7 gxh4 24. gxh4 Rh7 25. Bg6 Rh8 26. Nd4 Bd5 27. Nf5 Rg8 28. Rxe7 Rxg6 29. Nhg7 Be4 30. Re8+ Kd7
31. Rxa8 Bxf5 32. Nxf5 h5 33. Ng3 c5 34. Nxh5 d5 35. Nf4 d4 36. Nxg6 c4 37. Ne5+ Kd6 38. Nxc4+
1-0

[Event "SC BLITZ Knockout (<1800)"]
[Site "SchemingMind.com"]
[Date "2007.03.10"]
[Round "-"]
[White "Zugzwang"]
[Black "snoodie05"]
[Result "1-0"]
[WhiteCountry "CAN"]
[BlackCountry "USA"]
[WhiteElo "1478"]
[WhiteRD "59"]
[BlackElo "1366"]
[BlackRD "80"]
[GameID "95737"]

1. d4 d5 2. Nf3 a6 3. e3 Nf6 4. Bd3 Nc6 5. O-O Bg4 6. c4 b6 7. Qa4 Bd7 8. Qb3 Be6 9. Re1 dxc4 10. Bxc4 Na5
11. Qa4+ Bd7 12. Qc2 h6 13. Nbd2 b5 14. Bd3 e6 15. e4 c6 16. e5 Nd5 17. Ne4 Be7 18. b3 Rc8 19. Qe2 O-O 20. Ng3 c5
21. Nh5 cxd4 22. Qe4 Bc6 23. Qh7#
1-0

[Event "SC BLITZ Knockout (<1800)"]
[Site "SchemingMind.com"]
[Date "2007.03.11"]
[Round "-"]
[White "janez"]
[Black "Amergin"]
[Result "1-0"]
[WhiteCountry "SLO"]
[BlackCountry "IRL"]
[WhiteElo "1751"]
[WhiteRD "121"]
[BlackElo "1340"]
[BlackRD "82"]
[GameID "95738"]

1. e4 e5 2. Nf3 Bd6 3. Nc3 Nf6 4. Bc4 O-O 5. O-O c6 6. d4 b5 7. Bb3 b4 8. dxe5 Bxe5 9. Nxe5 bxc3 10. Qf3 Ba6
11. Re1 Qe7 12. Qxc3 d5 13. Nxc6 Nxc6 14. exd5 Ne5 15. Rxe5 Qd6 16. Bf4 Qb6 17. h3 Rac8 18. Qd2 Nd7 19. Re7 Nc5 20. Be3 Qf6
21. d6 Qxb2 22. Bd4 Qa3 23. Qg5 g6 24. Qh6 Ne6 25. Rxe6 f6 26. Rxf6+ Qxb3 27. Rxf8+ Rxf8 28. Qg7#
1-0

[Event "SC BLITZ Knockout (<1800)"]
[Site "SchemingMind.com"]
[Date "2007.03.11"]
[Round "-"]
[White "snoodie05"]
[Black "Zugzwang"]
[Result "1/2-1/2"]
[WhiteCountry "USA"]
[BlackCountry "CAN"]
[WhiteElo "1417"]
[WhiteRD "80"]
[BlackElo "1444"]
[BlackRD "60"]
[GameID "95739"]

1. e4 e5 2. Nf3 Nf6 3. Bd3 d5 4. exd5 Nxd5 5. Nxe5 Qe7 6. Qe2 Nf4 7. Qe4 Nxd3+ 8. cxd3 Nc6 9. Nxc6 Qxe4+ 10. dxe4 bxc6
11. O-O Bd6 12. Nc3 O-O 13. d4 Bg4 14. e5 Bb4 15. f3 Bh5 16. Ne4 Rad8 17. a3 Ba5 18. Be3 Rb8 19. b4 Bb6 20. a4 a5
21. b5 cxb5 22. axb5 f5 23. Ng5 f4 24. Ne6 fxe3 25. Rfe1 Rfe8 26. d5 Rbd8 27. Nxd8 Rxd8 28. g4 Bg6 29. Rac1 Bd3 30. Kg2 Re8
31. e6 a4 32. g5 a3 33. Ra1 Bc5 34. Kg3 Bxb5 35. h4 Bc4 36. Rad1 a2 37. f4 Ba3 38. Rxe3 Bb2 39. Ree1 a1=Q 40. Rxa1 Bxa1
41. Rxa1 Bxd5 42. f5 c5 43. h5 c4 44. Re1 c3 45. Kf4 c2 46. Ke5 Bf3 47. h6 Bg4 48. Rc1 Rc8 49. f6 gxf6+ 50. gxf6 Kf8
51. e7+ Kf7 52. Kd6 Kxf6 53. Rf1+ Kg5 54. Rc1 Kf6 55. Rf1+ Bf5 56. Rc1 Rb8 57. Kc7 Re8=
1/2-1/2

[Event "SC BLITZ Knockout (<1800)"]
[Site "SchemingMind.com"]
[Date "2007.03.11"]
[Round "-"]
[White "Amergin"]
[Black "janez"]
[Result "0-1"]
[WhiteCountry "IRL"]
[BlackCountry "SLO"]
[WhiteElo "1327"]
[WhiteRD "86"]
[BlackElo "1853"]
[BlackRD "96"]
[GameID "95740"]

1. Nf3 d6 2. Nc3 e5 3. e4 Bg4 4. Bb5+ c6 5. Bc4 Nf6 6. O-O b5 7. Bd3 a6 8. h3 Bh5 9. g4 Bg6 10. Qe2 Be7
11. Nh4 Nfd7 12. Nxg6 hxg6 13. Qf3 Nc5 14. Ne2 Nxd3 15. Qxd3 c5 16. Qd5 Nd7 17. d4 cxd4 18. f4 f6 19. fxe5 dxe5 20. g5 Rxh3
21. Kg2 Rh8 22. Rf3 Rc8 23. c3 Rc5 24. Qb3 dxc3 25. bxc3 Rc4 26. Rh3 Rxh3 27. Kxh3 Nc5 28. Qc2 Qd3+ 29. Qxd3 Nxd3 30. Bd2 Rxe4
31. Ng3 Nf4+ 32. Bxf4 Rxf4 33. Rf1 Rxf1 34. Nxf1 fxg5 35. Ng3 Kd7 36. Kg4 Ke6 37. Ne4 Kd5 38. Nd2= a5 39. Kf3 b4 40. cxb4 Bxb4
41. Nf1 e4+ 42. Kg4 Kd4 43. Ng3 Bd2 44. Nf1 Bf4 45. a4 e3 46. Nxe3 Bxe3 47. Kg3 Kc4 48. Kf3 Bc1
0-1

[Event "SC BLITZ Knockout (<1800)"]
[Site "SchemingMind.com"]
[Date "2007.03.11"]
[Round "-"]
[White "Jason Pomerantz"]
[Black "toguints"]
[Result "1-0"]
[WhiteCountry "USA"]
[BlackCountry "PHI"]
[WhiteElo "1532"]
[WhiteRD "90"]
[BlackElo "1493"]
[BlackRD "66"]
[GameID "95838"]

1. e4 c5 2. Nf3 e6 3. Nc3 g6 4. Bc4 Bg7 5. d3 Nc6 6. Bf4 e5 7. Ng5 Nh6 8. Be3 Ng4 9. Qxg4 d5 10. Qf3 Bf6
11. Bxd5 Bxg5 12. Qxf7#
1-0

[Event "SC BLITZ Knockout (<1800)"]
[Site "SchemingMind.com"]
[Date "2007.03.12"]
[Round "-"]
[White "Archon"]
[Black "hanasdaddy"]
[Result "1-0"]
[WhiteCountry "CAN"]
[BlackCountry "ISR"]
[WhiteElo "1661"]
[WhiteRD "65"]
[BlackElo "1549"]
[BlackRD "70"]
[GameID "95839"]

1. e4 e5 2. Nf3 Nf6 3. Nxe5 Qe7 4. d4 d6 5. Nf3 Qxe4+ 6. Be2 Bf5 7. c4 Qc2 8. O-O Be7 9. Nc3 a6 10. Qxc2 Bxc2
11. Bg5 h6 12. Bh4 Nc6 13. Rac1 Bg6 14. Rfe1 O-O 15. Bf1 Rfe8 16. Rcd1 Rad8 17. h3 d5 18. Bxf6
1-0

[Event "SC BLITZ Knockout (<1800)"]
[Site "SchemingMind.com"]
[Date "2007.03.11"]
[Round "-"]
[White "russellhead"]
[Black "marble"]
[Result "0-1"]
[WhiteCountry "USA"]
[BlackCountry "ENG"]
[WhiteElo "1523"]
[WhiteRD "64"]
[BlackElo "1604"]
[BlackRD "56"]
[GameID "95840"]

1. e4 e5 2. Nf3 Nc6 3. Bb5 a6 4. Ba4 b5 5. Bb3 Nf6 6. O-O Be7 7. Re1 d6 8. c3 O-O 9. h3 Bb7 10. d4 h6
11. Nbd2 a5 12. Bc2 b4 13. Nc4 a4 14. a3 Ba6 15. Bxa4 Na7 16. Qd3 c6 17. axb4 d5 18. exd5 cxd5 19. Rxe5 Bxc4 20. Qe3 Bd6
21. Rf5 Ba6 22. Bc2 Bc8 23. Rxf6 Qxf6 24. Qd3 Qg6 25. Qe2 Qe6 26. Ne5 Bxe5 27. dxe5 Bb7 28. f4 Nc6 29. Qd3 g6 30. f5 gxf5
31. Qg3+ Qg6 32. Qxg6+ fxg6 33. Rxa8 Rxa8 34. e6 Ra1 35. e7 Rxc1+ 36. Kh2 Nxe7 37. Ba4 Ra1 38. Be8 Bc6 39. Bd7 Bxd7
0-1

[Event "SC BLITZ Knockout (<1800)"]
[Site "SchemingMind.com"]
[Date "2007.03.11"]
[Round "-"]
[White "toguints"]
[Black "Jason Pomerantz"]
[Result "0-1"]
[WhiteCountry "PHI"]
[BlackCountry "USA"]
[WhiteElo "1493"]
[WhiteRD "66"]
[BlackElo "1532"]
[BlackRD "90"]
[GameID "95845"]

1. d4 d5 2. Nf3 Nc6 3. e3 Nf6 4. Bb5 Bf5 5. Ne5 Qd6 6. a3 a6 7. Bxc6+ bxc6 8. Nd2 Bg6 9. Nxg6 hxg6 10. O-O Qxh2#
0-1

[Event "SC BLITZ Knockout (<1800)"]
[Site "SchemingMind.com"]
[Date "2007.03.12"]
[Round "-"]
[White "hanasdaddy"]
[Black "Archon"]
[Result "0-1"]
[WhiteCountry "ISR"]
[BlackCountry "CAN"]
[WhiteElo "1494"]
[WhiteRD "71"]
[BlackElo "1641"]
[BlackRD "59"]
[GameID "95846"]

1. d4 Nf6 2. c4 e6 3. Nc3 Bb4 4. Bg5 h6 5. Bh4 c5 6. d5 Bxc3+ 7. bxc3 d6 8. e4 e5 9. Nf3 Nbd7 10. Bd3 Qa5
11. Qb3 b6 12. O-O O-O 13. Rfc1 Qa6 14. Qb5 Qb7 15. Bc2 Qc7 16. Re1 Bb7 17. Ba4 Qc8 18. Qb3 g5 19. Bg3 Nh5
0-1

[Event "SC BLITZ Knockout (<1800)"]
[Site "SchemingMind.com"]
[Date "2007.03.11"]
[Round "-"]
[White "marble"]
[Black "russellhead"]
[Result "0-1"]
[WhiteCountry "ENG"]
[BlackCountry "USA"]
[WhiteElo "1604"]
[WhiteRD "56"]
[BlackElo "1523"]
[BlackRD "64"]
[GameID "95847"]

1. e4 e6 2. d4 d5 3. Nc3 c5 4. exd5 exd5 5. dxc5 Bxc5 6. Bb5+ Bd7 7. Qxd5 Bxb5 8. Qxc5 a6 9. Qe5+ Kf8 10. Be3 Nc6
11. Bc5+ Nge7 12. Nf3 f6 13. Qg3 b6 14. Rd1 Qb8 15. Bd6 Qb7 16. a4 Bc4 17. b3 Be6 18. O-O Kf7 19. Rfe1 Nf5 20. Qf4 g5
21. Qe4 Rae8 22. Qe2 g4 23. Nd2 Nxd6 24. Qf1 Nd4 25. Rc1 Bf5 26. Nc4 Nxc4 27. Qxc4+ Ne6 28. Ne2 b5 29. axb5 axb5 30. Qb4 Be4
31. f3 gxf3 32. Ng3 Qb6+ 33. Kf1 fxg2+ 34. Ke2 Nf4+ 35. Kd2 Rd8+ 36. Kc3 Nd5+
0-1

[Event "SC BLITZ Knockout (<1800)"]
[Site "SchemingMind.com"]
[Date "2007.03.17"]
[Round "-"]
[White "bartleby en passant"]
[Black "willygor"]
[Result "1/2-1/2"]
[WhiteCountry "IRL"]
[BlackCountry "ARG"]
[WhiteElo "1704"]
[WhiteRD "77"]
[BlackElo "1748"]
[BlackRD "74"]
[GameID "96096"]

1. e4 Nc6 2. Nf3 d6 3. d4 Bg4 4. d5 Ne5 5. Be2 Nf6 6. Nxe5 Bxe2 7. Qxe2 dxe5 8. Qb5+ Nd7 9. Qxb7 g6 10. Be3 Bg7
11. Bxa7 O-O 12. Nc3 f5 13. Be3 f4 14. Bd2 Rb8 15. Qc6 Rb6 16. Qc4 Kh8 17. b3 Nf6 18. f3 g5 19. a4 g4 20. a5 Rb8
21. a6 Qd7 22. a7 Ra8 23. Nb5 Rfc8 24. Ra6 gxf3 25. gxf3 Ne8 26. Rg1 Nd6 27. Nxd6 cxd6 28. Qf1 Rxa7 29. Rxa7 Qxa7 30. Qg2 Rg8
31. h4 Qa1+ 32. Ke2 Qb2 33. Qg5 Qxc2 34. b4 Qc4+ 35. Ke1 Qd3 36. Qg4 Qa6 37. h5 Qc8 38. Qxc8 Rxc8 39. Ke2 h6 40. b5 Rb8
41. Rb1 Kg8 42. b6 Kf8 43. Ba5 Ke8 44. Rc1 Rb7 45. Rc8+ Kd7 46. Rc7+ Rxc7 47. bxc7 Bf6= 48. Kd3 Bh4 49. Kc4 Bf2 50. Kb5 Bh4
51. Kb6 Kc8 52. Kc6 Bf2 53. Kb5 Bg3 54. Kc6 Bf2 55. Bb6=
1/2-1/2

[Event "SC BLITZ Knockout (<1800)"]
[Site "SchemingMind.com"]
[Date "2007.03.16"]
[Round "-"]
[White "willygor"]
[Black "bartleby en passant"]
[Result "0-1"]
[WhiteCountry "ARG"]
[BlackCountry "IRL"]
[WhiteElo "1748"]
[WhiteRD "74"]
[BlackElo "1704"]
[BlackRD "77"]
[GameID "96100"]

1. e4 e5 2. Nf3 Nc6 3. Bc4 Bc5 4. a3 Nf6 5. d3 h6 6. Nc3 d6 7. b4 Bd4 8. Nxd4 Nxd4 9. Nd5 Nxd5 10. Bxd5 c6
11. Ba2 O-O 12. c3 Nb5 13. Bd2 d5 14. exd5 cxd5 15. O-O Bf5 16. Qf3 Be6 17. Qg3 Qf6 18. f4 e4 19. dxe4 dxe4 20. a4 Nc7
21. f5 Bxa2 22. Qxc7 Bd5 23. Qf4 Rfe8 24. Rac1 Rac8 25. Qg3 Re5 26. Bxh6 Rxf5 27. Rxf5 Qxh6 28. Re1 Be6 29. Rf2 f5 30. Rd1 e3
31. Rb2 Rxc3 32. Qe5 Rc4 33. g3 Re4 34. Rd8+ Kh7 35. Qb8 Kg6 36. Re2 Qh5 37. Rf8 Qxe2 38. Qe8+ Kg5 39. Qe7+ Kh5 40. Qe8+ g6
41. Rh8+ Kg4 42. Qxg6+ Kf3 43. Qh5+ Rg4 44. Qxg4+ fxg4 45. Rf8+ Ke4 46. Rf4+ Kd3
0-1

[Event "SC BLITZ Knockout (<1800)"]
[Site "SchemingMind.com"]
[Date "2007.04.09"]
[Round "-"]
[White "Lee Shuck"]
[Black "Archon"]
[Result "0-1"]
[WhiteCountry "ENG"]
[BlackCountry "CAN"]
[WhiteElo "1420"]
[WhiteRD "62"]
[BlackElo "1667"]
[BlackRD "58"]
[GameID "100217"]

1. e4 c5 2. Nf3 g6 3. d4 cxd4 4. Nxd4 Nc6 5. Nxc6 bxc6 6. Nc3 Bg7 7. Bc4 d6 8. Nd5 cxd5 9. Qxd5 Be6 10. Qc6+ Bd7
11. Qb7 Nf6 12. O-O O-O 13. Be3 Rc8 14. b3 Bc6 15. Qxa7 Bxe4 16. c3 Rxc4 17. bxc4 Qa8 18. Qxa8 Rxa8 19. Rfb1 Bxb1 20. Rxb1 Kf8
21. Rb7 Rxa2 22. Rb1 Ne8 23. c5 dxc5 24. c4 Rc2 25. Rc1 Rxc1+ 26. Bxc1 Bd4 27. h4 Nd6
0-1

[Event "SC BLITZ Knockout (<1800)"]
[Site "SchemingMind.com"]
[Date "2007.04.13"]
[Round "-"]
[White "janez"]
[Black "marble"]
[Result "1-0"]
[WhiteCountry "SLO"]
[BlackCountry "ENG"]
[WhiteElo "1802"]
[WhiteRD "89"]
[BlackElo "1605"]
[BlackRD "57"]
[GameID "100218"]

1. e4 e5 2. Bc4 c6 3. a3 d5 4. exd5 cxd5 5. Ba2 Nf6 6. d3 h6 7. h3 Bc5 8. b4 Bd6 9. Bb2 Be6 10. Nd2 O-O
11. c3 b5 12. c4 bxc4 13. dxc4 d4 14. Ngf3 a5 15. c5 Bxa2 16. Rxa2 Bc7 17. b5 Qd5 18. Ra1 Qxc5 19. Rc1 Qb6 20. Qe2 Nbd7
21. a4 Rfe8 22. O-O Qd6 23. Rc4 d3 24. Qe1 Nb6 25. Rc6 Qe7 26. Qc1 Rac8 27. Re1 e4 28. Bxf6 gxf6 29. Rxe4 Qd7 30. Rxe8+ Rxe8
31. Rxc7 Rc8 32. Rxc8+ Nxc8 33. Qc3 Qd6 34. Qxc8+
1-0

[Event "SC BLITZ Knockout (<1800)"]
[Site "SchemingMind.com"]
[Date "2007.04.09"]
[Round "-"]
[White "Archon"]
[Black "Lee Shuck"]
[Result "1-0"]
[WhiteCountry "CAN"]
[BlackCountry "ENG"]
[WhiteElo "1667"]
[WhiteRD "58"]
[BlackElo "1420"]
[BlackRD "62"]
[GameID "100221"]

1. e4 e5 2. Nf3 Nc6 3. d4 exd4 4. Bc4 Nf6 5. e5 d5 6. Bb5 Ne4 7. Nxd4 Bc5 8. Be3 Bxd4 9. Bxc6+ bxc6 10. Qxd4 O-O
11. Nc3 Nxc3 12. Qxc3 Bb7 13. O-O-O Re8 14. h4 f6 15. exf6 Qxf6 16. Qxf6 gxf6 17. Bc5 Bc8 18. Rhe1 Bg4 19. f3 Bf5 20. a3 h5
21. Rxe8+ Rxe8 22. Bxa7 Ra8= 23. Bf2 Ra5 24. c4 Ra4 25. cxd5 c5 26. Rd2 c4 27. d6 cxd6 28. Rxd6 c3 29. Rxf6 cxb2+ 30. Kxb2 Kg7
31. Rxf5
1-0

[Event "SC BLITZ Knockout (<1800)"]
[Site "SchemingMind.com"]
[Date "2007.04.08"]
[Round "-"]
[White "marble"]
[Black "janez"]
[Result "0-1"]
[WhiteCountry "ENG"]
[BlackCountry "SLO"]
[WhiteElo "1604"]
[WhiteRD "56"]
[BlackElo "1853"]
[BlackRD "96"]
[GameID "100222"]

1. e4 e6 2. d4 d5 3. Nc3 Bb4 4. e5 Ne7 5. Bd2 O-O 6. a3 Ba5 7. b4 Bb6 8. Nf3 Nbc6 9. Be3 Nf5 10. Bg5 Qd7
11. Bb5 a6 12. Bxc6 Qxc6 13. Ne2 a5 14. c3 Bd7 15. a4 axb4 16. cxb4 Rxa4 17. Rxa4 Qxa4 18. Qxa4 Bxa4 19. Nc3 Ra8 20. O-O Bc2
21. Ne1 Bb3 22. Be3 Bc4 23. g3 Bxf1 24. Kxf1 Nxd4 25. Kg1 Ra1 26. Kf1 Nf3 27. Kg2 Nxe1+
0-1

[Event "SC BLITZ Knockout (<1800)"]
[Site "SchemingMind.com"]
[Date "2007.04.20"]
[Round "-"]
[White "Zugzwang"]
[Black "javilez"]
[Result "0-1"]
[WhiteCountry "CAN"]
[BlackCountry "NCA"]
[WhiteElo "1435"]
[WhiteRD "63"]
[BlackElo "1742"]
[BlackRD "59"]
[GameID "101433"]

1. d4 d5 2. Nf3 e6 3. e3 c5 4. c3 Nf6 5. Bd3 Nc6 6. O-O b6 7. Nbd2 Bb7 8. Qe2 Bd6 9. e4 dxe4 10. Nxe4 cxd4
11. cxd4 O-O 12. Neg5 h6 13. Nh3 Qc7 14. Bd2 Rac8 15. Rac1 Qb8 16. Bc3 Ne7 17. Ne5 Rfd8 18. Rfe1 Ned5 19. Ng4 Nxg4 20. Qxg4 Nxc3
21. Rxc3 Bb4 22. Nf4 Rxd4 23. Rxc8+ Bxc8 24. Re4 Rxe4 25. Bxe4 e5
0-1

[Event "SC BLITZ Knockout (<1800)"]
[Site "SchemingMind.com"]
[Date "2007.04.20"]
[Round "-"]
[White "javilez"]
[Black "Zugzwang"]
[Result "1-0"]
[WhiteCountry "NCA"]
[BlackCountry "CAN"]
[WhiteElo "1742"]
[WhiteRD "59"]
[BlackElo "1435"]
[BlackRD "63"]
[GameID "101439"]

1. d4 f5 2. c4 Nf6 3. Nc3 e6 4. Nf3 c6 5. Bg5 g6 6. e3 Bg7 7. e4 Qb6 8. Na4 Qb4+ 9. Bd2 Qe7 10. exf5 exf5+
11. Be2 d5 12. O-O Be6 13. Re1 Nbd7 14. Bg5 O-O-O 15. c5 h6 16. Bh4 g5 17. Nxg5 hxg5 18. Bxg5 Qf7 19. b4 Rdg8 20. b5 Ne4
21. Bf4 Bh6 22. Bd6 Qg7 23. g3 f4 24. bxc6 bxc6 25. Ba6+ Kd8 26. Qb3 fxg3 27. hxg3 Nxf2 28. Kxf2 Qf6+ 29. Kg2 Bh3+ 30. Kg1 Qxd4+
31. Kh2 Qd2+ 32. Re2 Qd4 33. Be7+
1-0

[Event "SC BLITZ Knockout (<1800)"]
[Site "SchemingMind.com"]
[Date "2007.04.22"]
[Round "-"]
[White "bartleby en passant"]
[Black "Jason Pomerantz"]
[Result "1-0"]
[WhiteCountry "IRL"]
[BlackCountry "USA"]
[WhiteElo "1710"]
[WhiteRD "72"]
[BlackElo "1580"]
[BlackRD "85"]
[GameID "102041"]

1. d4 d5 2. c4 dxc4 3. e3 b5 4. a4 c6 5. axb5 cxb5 6. Qf3 Bb7 7. Qxb7 Nd7 8. Qxb5 Rb8 9. Qa4 Qc7 10. Bxc4 e6
11. Qxa7 Rb7 12. Qa4 Nf6 13. Nc3 Be7 14. e4 O-O 15. e5 Rb4 16. Qa7 Rxc4 17. Qxc7 Rxc7 18. exf6 Bxf6 19. Nf3 h6 20. O-O g5
21. g4 e5 22. dxe5 Bxe5 23. Nxe5 Nxe5 24. Ra4 Rd8 25. h3 Nd3 26. Ne2 Re8 27. Rd1 Ne5 28. Ng3 Nf3+ 29. Kg2
1-0

[Event "SC BLITZ Knockout (<1800)"]
[Site "SchemingMind.com"]
[Date "2007.04.22"]
[Round "-"]
[White "Jason Pomerantz"]
[Black "bartleby en passant"]
[Result "0-1"]
[WhiteCountry "USA"]
[BlackCountry "IRL"]
[WhiteElo "1580"]
[WhiteRD "85"]
[BlackElo "1710"]
[BlackRD "72"]
[GameID "102048"]

1. e4 e5 2. Nf3 Nc6 3. Bb5 a6 4. Bxc6 bxc6 5. Nc3 d5 6. exd5 e4 7. Nxe4 cxd5 8. Nc3 Nf6 9. h3 d4 10. Ne2 c5
11. d3 h6 12. O-O Bd6 13. c3 dxc3 14. bxc3 O-O 15. Be3 Bb7 16. Rb1 Bxf3 17. gxf3 Nh5 18. Qa4 Re8 19. Qc4 Qf6 20. d4 cxd4
21. Nxd4 Be5 22. Rfd1 Bxd4 23. Bxd4 Qxf3 24. Rd3 Qf5 25. Kf1 Qe4 26. Kg1 Rac8 27. f3 Qg6+
0-1

[Event "SC BLITZ Knockout (<1800)"]
[Site "SchemingMind.com"]
[Date "2007.05.26"]
[Round "-"]
[White "javilez"]
[Black "janez"]
[Result "1-0"]
[WhiteCountry "NCA"]
[BlackCountry "SLO"]
[WhiteElo "1767"]
[WhiteRD "60"]
[BlackElo "1761"]
[BlackRD "79"]
[GameID "106190"]

1. d4 b6 2. e4 Bb7 3. Bd3 d6 4. f3 Nc6 5. Be3 e5 6. d5 Nce7 7. Ne2 Nf6 8. O-O Ng6 9. c4 Be7 10. Nbc3 O-O
11. Rc1 Nh5 12. Qd2 Nhf4 13. b4 Nxd3 14. Qxd3 Bg5 15. Qd2 h6 16. c5 dxc5 17. bxc5 bxc5 18. Bxg5 Qxg5 19. Qxg5 hxg5 20. Na4 Ba6
21. Rfe1 c4 22. Nc5 Bb5 23. a4 Be8 24. Rxc4 Rc8 25. Rec1 Rb8 26. Na6 Rb2 27. Kf1 Ra2 28. Nxc7 Bxa4 29. Nc3
1-0

[Event "SC BLITZ Knockout (<1800)"]
[Site "SchemingMind.com"]
[Date "2007.05.26"]
[Round "-"]
[White "janez"]
[Black "javilez"]
[Result "0-1"]
[WhiteCountry "SLO"]
[BlackCountry "NCA"]
[WhiteElo "1761"]
[WhiteRD "79"]
[BlackElo "1767"]
[BlackRD "60"]
[GameID "106197"]

1. e4 c5 2. Bc4 d6 3. Nc3 e6 4. a3 a6 5. Nf3 b5 6. Ba2 Nd7 7. O-O Bb7 8. d3 Be7 9. Re1 Ngf6 10. h3 Qc7
11. Bf4 e5 12. Bh2 h6 13. Nh4 g6 14. Nd5 Nxd5 15. exd5 Bxh4 16. Qg4 Bf6 17. Re2 O-O-O 18. c3 Kb8 19. Rc1 Bg5 20. Rcc2 f5
21. Qf3 Nf6 22. c4 bxc4 23. dxc4 e4 24. Qb3 f4 25. Bb1 Ka7 26. Rc3 Rhe8 27. h4 f3 28. gxf3 exf3 29. Rxe8 Rxe8 30. Qd1 Qe7
31. Kf1 Qe2+ 32. Qxe2 fxe2+ 33. Ke1 Bd2+ 34. Kxd2 e1=Q+ 35. Kc2 Qxf2+ 36. Kb3 Qxh2 37. Bxg6 Rb8 38. Rc2 Qg3+
0-1

[Event "SC BLITZ Knockout (<1800)"]
[Site "SchemingMind.com"]
[Date "2007.05.30"]
[Round "-"]
[White "Archon"]
[Black "bartleby en passant"]
[Result "1/2-1/2"]
[WhiteCountry "CAN"]
[BlackCountry "IRL"]
[WhiteElo "1706"]
[WhiteRD "57"]
[BlackElo "1699"]
[BlackRD "75"]
[GameID "107151"]

1. e4 e5 2. Nf3 Nc6 3. d4 exd4 4. Bc4 Bc5 5. c3 dxc3 6. Bxf7+ Kxf7 7. Qd5+ Ke8 8. Qxc5 Qe7 9. Qxe7+ Ngxe7 10. Nxc3 d6
11. Nd5 Nxd5 12. exd5 Ne5 13. Nxe5 dxe5 14. Bg5 b6 15. O-O-O Kd7 16. Rhe1 Re8 17. Bh4 Bb7 18. Rd2 Kd6 19. Bg3 Bxd5 20. Rde2 Re6
21. Rxe5 Rxe5 22. Rxe5 Be6 23. Rh5+ Kc6 24. Rxh7 Rg8 25. Be5 Bxa2 26. Rh3 Bd5 27. Rc3+ Kb5 28. f3 c5 29. Rd3 Kc6 30. Rd2 a5
31. f4 g6 32. h4 b5 33. g4 a4 34. Rh2 b4 35. h5 gxh5 36. gxh5 Rg1+ 37. Kd2 Rg2+ 38. Rxg2 Bxg2 39. Ke3 Kd5 40. h6 Be4
41. Kd2 Kc4 42. Bg7= a3 43. bxa3 bxa3 44. Kc1 Kb3 45. Be5 c4 46. Kd2 Bf5=
1/2-1/2

[Event "SC BLITZ Knockout (<1800)"]
[Site "SchemingMind.com"]
[Date "2007.05.30"]
[Round "-"]
[White "bartleby en passant"]
[Black "Archon"]
[Result "1/2-1/2"]
[WhiteCountry "IRL"]
[BlackCountry "CAN"]
[WhiteElo "1699"]
[WhiteRD "75"]
[BlackElo "1706"]
[BlackRD "57"]
[GameID "107157"]

1. d4 d5 2. c4 dxc4 3. e3 e5 4. Bxc4 exd4 5. exd4 Bb4+ 6. Nc3 Nf6 7. a3 Bxc3+ 8. bxc3 O-O 9. Nf3 Qe7+ 10. Ne5 Nbd7
11. Bf4 Nxe5 12. dxe5 Ne8 13. O-O Be6 14. Bxe6 Qxe6 15. Qd4 c6 16. Rab1 b6 17. Rfd1 Nc7 18. c4 c5 19. Qd6 Rac8 20. Qd3 Qe7
21. Qd6 Rfe8 22. Qxe7 Rxe7 23. h4 Ne6 24. g3 Rd8 25. Rxd8+ Nxd8 26. Rd1 Ne6 27. Bg5 Re8 28. Rd7 Ra8 29. f4 Nxg5 30. hxg5 Kf8
31. f5 g6 32. g4 Ke8 33. e6 fxe6 34. fxe6 Rd8 35. Rxh7 Rd4 36. Rxa7 Rxc4 37. Rb7 Rxg4+ 38. Kf2 Rxg5 39. Rxb6 Rg4 40. Rb3 Ra4
41. Rg3 Ke7 42. Rxg6 Rxa3 43. Ke2 Ra6 44. Rg7+ Ke8 45. Kd3=
1/2-1/2

[Event "SC BLITZ Knockout (<1800)"]
[Site "SchemingMind.com"]
[Date "2007.07.14"]
[Round "-"]
[White "javilez"]
[Black "bartleby en passant"]
[Result "0-1"]
[WhiteCountry "NCA"]
[BlackCountry "IRL"]
[WhiteElo "1746"]
[WhiteRD "68"]
[BlackElo "1767"]
[BlackRD "72"]
[GameID "112492"]

1. d4 d5 2. c4 e6 3. e3 Bb4+ 4. Bd2 Bxd2+ 5. Qxd2 Nf6 6. Nc3 c6 7. Nf3 O-O 8. cxd5 exd5 9. Bd3 h6 10. Qc2 Re8
11. O-O Nbd7 12. e4 dxe4 13. Nxe4 Nxe4 14. Bxe4 Nf6 15. Bf5 Qd5 16. Bxc8 Raxc8 17. b3 c5 18. Qd3 cxd4 19. Qxd4 Qxd4 20. Nxd4 a6
21. Rac1 Nd5 22. g3 Rxc1 23. Rxc1 Re4 24. Rd1 Nc3 25. Rd2 Nxa2 26. Rxa2 Rxd4 27. Ra4 Rxa4 28. bxa4 Kf8 29. Kf1 Ke7 30. Ke2 Kd6
31. Kd3 Kc5 32. Kc3 b5 33. axb5 axb5 34. f3 g5 35. h3 f5 36. g4 fxg4 37. hxg4 b4+
0-1